Normal view
MARC view
Entry Personal Name
001 - CONTROL NUMBER
- control field: 50786
003 - CONTROL NUMBER IDENTIFIER
- control field: OSt
005 - DATE AND TIME OF LATEST TRANSACTION
- control field: 20250224123337.0
008 - FIXED-LENGTH DATA ELEMENTS
- fixed length control field: 250224|| aca||aabn | a|a d
040 ## - CATALOGING SOURCE
- Original cataloging agency: OSt
- Transcribing agency: OSt
100 ## - HEADING--PERSONAL NAME
- Personal name: Asahina, Yuki Roh, Jiehyun and Yang, Jaeseog
670 ## - SOURCE DATA FOUND
- Source citation: Work cat.: (OSt)525591: Asahina, Yuki Roh, Jiehyun and Yang, Jaeseog , National patterns of inequality coverage: Japanese and south Korean newspapers, 1990–2021
